Дело об ассигновании сумм из поиезуитских доходов на расходы по Виленскому учебному округу на 1823 год. Здесь же записки для све...

Доступно только в Электронных читальных залах Найти на картеНа карте
RUSMARC
00003786nmc2a22002413x 450
001b556eb96-a833-4e4b-978d-133920cffaf0
00520251117173222.0
100##$a20250711l18221823k l0rusy0189 ca
1010#$arus
102##$aRU
105##$ay###
1222#$ad
2001#$aДело об ассигновании сумм из поиезуитских доходов на расходы по Виленскому учебному округу на 1823 год. Здесь же записки для сведения о выдаче поиезуитских сумм под залоги
$j12 августа 1822 г. - 27 ноября 1823 г.
215##$a80 л.
$d36,5х26 см
251##$cДело
300##$aНа бланке обложки указано: "Отделения третьего. Стол контрольный"
371##$aДокумент не является опубликованным и широко распространяемым
461#0$1001a74412a3-3cc5-4d21-8f0a-dfe2fbd9e72d
$12001
$aДепартамент народного просвещения Министерства народного просвещения (1803-1917)
$1251
$cФонд
$1852
$j733
462#0$1001ccc93d8c-a161-4593-b7db-1a3e4c2bc189
$12001
$aДела счетного отделения Департамента народного просвещения за 1819-1838 годы
$1251
$cОпись
$1852
$j111
801#0$aRU
$bРГИА
$c20250711
$gRCR
801#1$aRU
$bГлавНИВЦ
$c20250711
$2rusmarc
801#2$aRU
$bПБ им. Б.Н. Ельцина
$c20251117
$gRCR
$2rusmarc
850##$aРГИА
852##$aРГИА
$eФедеральное казенное учреждение "Российский государственный исторический архив" (РГИА)
$j132
937##$hРГИА
$d12093292
$aASBIBLIO_SCAN
035##$aRusGRCC00087271
856##$uhttp://readingroom.main.prlib.ru/item.aspx?id_node=n199024888&mode=full
Формат отображения